| 000 | 00534nam a2200229Ia 4500 | ||
|---|---|---|---|
| 003 | OSt | ||
| 005 | 20140311163113.0 | ||
| 008 | 140130s9999 xx 000 0 und d | ||
| 020 | _a0439466105 | ||
| 050 |
_aBP 45 _b.K57 2002 |
||
| 100 |
_aKhan, Ruhksana _931042 |
||
| 245 |
_aMuslim child / _cKhan, Ruhksana. |
||
| 260 |
_bScholastic, _c2002. _aNew York : |
||
| 300 |
_bill. ; _c32 cm. |
||
| 440 |
_v1 _931043 |
||
| 521 | _aG3 | ||
| 526 | _c560 | ||
| 942 |
_cBK _2lcc |
||
| 999 |
_c40654 _d40654 |
||